000 00441nam a2200145Ia 4500
008 100204s9999 xx 000 0 und d
082 _b9945
100 _aओक जनार्दन
245 _aदि अेस्केप
260 _b"पूजा प्रकाशन , मुंबई 14"
_c1987
300 _a160
630 _aदि अेस्केप
730 _aदि अेस्केप
942 _cBOOK
999 _c454381
_d454378